Instalación, manejo y mantención de sistemas de riego presurizado
Guardat en:
| Autor principal: | |
|---|---|
| Format: | Llibre |
| Idioma: | espanyol |
| Publicat: |
Chillán
Comisión Nacional de Riego
1998
Chillán Universidad de Concepción 1998 |
| Matèries: | |
| Etiquetes: |
Afegir etiqueta
Sense etiquetes, Sigues el primer a etiquetar aquest registre!
|
MARC
| LEADER | 00000nam a2200000 a 4500 | ||
|---|---|---|---|
| 001 | UCM7859 | ||
| 003 | CL-VaPUC | ||
| 008 | 030110e19980000cl |||||||||||||||||spa|d | ||
| 082 | 0 | 4 | |a 631.587 |b MAT |2 21 |
| 100 | |a Matta Canga, Ricardo |e autor |9 473568 | ||
| 245 | 1 | 0 | |a Instalación, manejo y mantención de sistemas de riego presurizado |
| 300 | |a 24 p | ||
| 942 | |c BK | ||
| 945 | |d 20030110 00:00:00 |a lriquelm | ||
| 260 | |a Chillán |b Comisión Nacional de Riego |c 1998 | ||
| 260 | |a Chillán |b Universidad de Concepción |c 1998 | ||
| 500 | |a Corresponde a una serie de publicaciones realizadas con financiamiento del Programa: Desarrollo de sistemas de riego en el secano interior y costero. Componente nacional: capacitación y difusión de tecnologías der riego | ||
| 650 | 7 | |a EQUIPO DE RIEGO |2 CL-VaPUC |9 473569 | |
| 650 | 7 | |a RIEGO PRESURIZADO |2 CL-VaPUC |9 473570 | |
| 650 | 7 | |a MANTENCION DE EQUIPOS |2 CL-VaPUC |9 463813 | |
| 650 | 7 | |a FILTROS |2 CL-VaPUC |9 323901 | |
| 650 | 0 | |a Fertirrigación |9 392250 | |
| 583 | |a last modification |c 20171005 02:48:40 |k Rodrigo Vera | ||
| 999 | |c 302516 |d 302514 | ||